000
00331nam a2200145Ia 4500
008
150301s2015 xx 000 0 und d
082
_a
540
_b
P08S
100
_a
SIDDIQUI, ANUS .A
245
_a
PHARMACEUTICAL CHEMISTRY -|\
250
_a
1ST
260
_b
BIRLA PUB
300
_a
240
650
_a
PHARMACEUTICS
942
_2
ddc
_c
BK
999
_c
7338
_d
7338